Die 105 häufigsten ♂ ♀ Vornamen in Niedersachsen & Bremen - Statistiken

Allgemein
  • Dieses Quiz wurde 136 mal gespielt
  • Das Durchschnittsergebnis liegt bei 42 aus 107
Antwortstatistiken
♂ /♀ Vorname % Korrekt
Jungen - - > | Mädchen - - > ⤵️
100%
L3 Lia
84%
E4 Emma
81%
L3 Leo
81%
M3 Mia
75%
A4 Anna
74%
E4 Emil
74%
H6 Hannah
74%
L3 Lea
74%
L4 Leon
74%
L4 Lina
69%
B3 Ben
66%
E4 Ella
66%
P4 Paul
66%
M5 Marie
63%
M3 Max
62%
I3 Ida
60%
E6 Emilia
59%
J4 Jona
59%
K4 Karl
59%
T3 Tom
59%
N4 Noah
56%
L4 Lara
54%
S6 Sophie
54%
F4 Finn
53%
J6 Johann
53%
L5 Lukas
53%
E5 Emily
49%
T4 Theo
49%
Z3 Zoe
49%
L4 Luca
48%
S6 Sophia
47%
A5 Anton
45%
J5 Jonas
45%
L3 Lio
45%
C9 Charlotte
44%
E5 Elisa
44%
M4 Mila
44%
H5 Henry
43%
M10 Maximilian
43%
L6 Leonie
42%
M4 Mara
42%
P5 Paula
41%
E5 Elias
40%
F5 Felix
40%
J7 Johanna
40%
L4 Liam
40%
L5 Luisa
39%
A6 Amelie
38%
O5 Oskar
38%
L4 Leni
37%
L5 Lotta
37%
M6 Matteo
37%
E3 Eva
35%
J8 Jonathan
35%
M8 Mathilda
35%
C5 Clara
34%
F6 Frieda
34%
J5 Jakob
34%
L5 Louis
34%
L4 Luna
34%
L5 Lilly
33%
M4 Mira
32%
N4 Nele
32%
N4 Nora
32%
O6 Olivia
31%
M4 Maja
30%
A5 Aaron
28%
J6 Jannis
28%
L4 Levi
28%
L5 Linus
28%
M8 Mohammed
28%
M5 Milan
26%
M4 Milo
26%
T5 Tilda
26%
C5 Carla
25%
E6 Emilio
25%
F5 Fiete
25%
M6 Mattis
25%
J4 Juna
24%
M5 Merle
24%
A6 Amalia
23%
L5 Lasse
23%
M4 Mats
23%
V8 Victoria
23%
C5 Carlo
22%
L7 Leonard
22%
T4 Till
22%
M5 Malia
20%
M6 Marlon
20%
E4 Enno
19%
M4 Mika
19%
R4 Romy
18%
E5 Elina
17%
T5 Thilo
17%
A4 Adam
16%
A5 Amira
15%
J5 Jonte
15%
L5 Leano
14%
M5 Malea
11%
J5 Janno
10%
E4 Ebba
6%
T5 Tjark
6%
J4 Jost
5%
F5 Fenna
3%
L6 Leevke
0%
Keine übereinstimmenden Quizze gefunden
Verteilung der Resultate
Anzahl Personen mit jedem Resultat
Perzentil nach korrekt beantworteten Fragen
Ihre Resultats-Entwicklung
Sie haben dieses Quiz noch nicht gespielt